000 00604cam a2200229 4500
001 J2214
008 090401t1994 xxu||||| |||| 00| 0 eng d
035 _a(Sirsi) u47792
041 _aeng
050 _a692.5
100 _aHarrison, R.S.
245 _aOperational estimating.
260 _aAscot, Berks.
_bChartered Institute of Building
_c1994
300 _a7p. ; 30cm.
350 _a0
490 _aConstruction Papers
_v33
650 _aOPERATIONAL ESTIMATING
690 _aQuantity surveying
_96263
710 _aChartered Institute of Building
_92134
942 _n0
948 _c04/03/1997
999 _c92202
_d92202